000 00548nam a2200157 4500
008 161012b xxu||||| |||| 00| 0 eng d
022 _a0893-8989
082 _aDPer 363.205 P75 Aug 2014- Apr 2015 v. 38-39
100 _916044
_aMurgado, Amaury
245 _aSeven keys to surviving your police career/
_cAmaury Murgado.
260 _aCalifornia:
_bBobit Business Media,
_cc2014-2015.
300 _av38 n12, pages 16-19;
_c28 cm.
500 _aPolice: The Law Enforcement Magazine.
650 0 _916045
_aProfessions
_xPolice
942 _2ddc
_cPER
999 _c5161
_d5161